[Event "Olimpiada de Khanty-Mansiysk 2010"]
[Site "Khanty-Mansiysk RUS"]
[Date "2010.09.28"]
[Round "7"]
[White "Zhang, Zhong"]
[Black "Iordachescu, Viorel"]
[Result "1/2-1/2"]
[WhiteElo "2582"]
[BlackElo "2632"]
[PlyCount "81"]
[EventDate "2010.09.21"]
[EventType "team"]
[EventRounds "11"]
[EventCountry "RUS"]
[Source "lmi"]
[SourceDate "2010.09.21"]
[WhiteTeam "Singapur"]
[BlackTeam "Moldavia"]
[WhiteTeamCountry "SIN"]
[BlackTeamCountry "MDA"]

1. Nf3 Nf6 2. g3 c5 3. Bg2 Nc6 4. d4 d6 5. O-O cxd4 6. Nxd4 Bd7 7. Bg5 Qb6 8.
Nb3 e6 9. c4 Ne5 10. Na3 Bc6 11. Bxc6+ Qxc6 12. Nd4 Qd7 13. Bxf6 gxf6 14. e4
Rc8 15. Qe2 Be7 16. Rfd1 a6 17. Rac1 O-O 18. f4 Nc6 19. Nac2 Kh8 20. b3 Qc7 21.
f5 Qd7 22. Qg4 Nd8 23. Ne3 Rg8 24. Qh3 b5 25. cxb5 Rxc1 26. Rxc1 axb5 27. Qf1
Qa7 28. Qd3 b4 29. Rc2 d5 30. exd5 Bc5 31. Rd2 e5 32. Ndc2 Nb7 33. Kg2 Nd6 34.
Re2 e4 35. Qd1 Nb5 36. Qa1 Nc3 37. a3 Nxe2 38. Qxf6+ Rg7 39. Qd8+ Rg8 40. Qf6+
Rg7 41. Qd8+ 1/2-1/2

[Event "Olimpiada de Khanty-Mansiysk 2010"]
[Site "Khanty-Mansiysk RUS"]
[Date "2010.09.28"]
[Round "7"]
[White "Hamitevici, Vladimir"]
[Black "Fernandez, Daniel Howard"]
[Result "1/2-1/2"]
[WhiteElo "2415"]
[BlackElo "2371"]
[PlyCount "124"]
[EventDate "2010.09.21"]
[EventType "team"]
[EventRounds "11"]
[EventCountry "RUS"]
[Source "lmi"]
[SourceDate "2010.09.21"]
[WhiteTeam "Moldavia"]
[BlackTeam "Singapur"]
[WhiteTeamCountry "MDA"]
[BlackTeamCountry "SIN"]

1. d4 d6 2. e4 Nd7 3. Nc3 g6 4. Nge2 Ngf6 5. h3 Bg7 6. Be3 O-O 7. g3 e5 8. Bg2
exd4 9. Bxd4 Nb6 10. b3 c6 11. a4 Be6 12. a5 Nbd7 13. O-O Re8 14. f4 Nf8 15. g4
h6 16. Qd3 Bc8 17. Rfd1 Qe7 18. Bxf6 Qxf6 19. Qxd6 Qxd6 20. Rxd6 g5 21. f5 Nd7
22. a6 Ne5 23. axb7 Bxb7 24. Ra5 Bf8 25. Rd4 f6 26. Na4 Be7 27. Nc5 Bc8 28. b4
Bd8 29. Ra2 Bb6 30. Rd6 Kf7 31. Kh1 a5 32. Nd4 axb4 33. Rxa8 Bxc5 34. Rxc6 Nxc6
35. Nxc6 Bd7 36. Ra6 Bxc6 37. Rxc6 Bd4 38. Rc4 Bc3 39. Bf1 Re7 40. Kg2 Rb7 41.
Rc6 Be5 42. Bc4+ Kg7 43. Bb3 Bd4 44. Kf3 Be5 45. Ke2 h5 46. Ra6 h4 47. Bd5 Rc7
48. Bc6 Bd4 49. Kd3 Ra7 50. Rxa7+ Bxa7 51. Kc4 Bb8 52. Kxb4 Kf8 53. Kc5 Ke7 54.
Ba4 Kd8 55. Kc6 Be5 56. c4 Bf4 57. c5 Be5 58. Bb3 Bf4 59. Ba4 Be5 60. Kd5 Kc7
61. Ke6 Bd4 62. Be8 Be5 1/2-1/2

[Event "Olimpiada de Khanty-Mansiysk 2010"]
[Site "Khanty-Mansiysk RUS"]
[Date "2010.09.28"]
[Round "7"]
[White "Chan, Wei Xuan Timothy"]
[Black "Svetushkin, Dmitry"]
[Result "0-1"]
[WhiteElo "2338"]
[BlackElo "2552"]
[PlyCount "122"]
[EventDate "2010.09.21"]
[EventType "team"]
[EventRounds "11"]
[EventCountry "RUS"]
[Source "lmi"]
[SourceDate "2010.09.21"]
[WhiteTeam "Singapur"]
[BlackTeam "Moldavia"]
[WhiteTeamCountry "SIN"]
[BlackTeamCountry "MDA"]

1. e4 c6 2. d4 d5 3. Nd2 dxe4 4. Nxe4 Bf5 5. Ng3 Bg6 6. N1e2 e6 7. h4 h6 8. Nf4
Bh7 9. Bc4 Nf6 10. Nfh5 Nbd7 11. c3 Rg8 12. Qf3 Be7 13. Nxf6+ Nxf6 14. h5 Bd6
15. Bf4 Bxf4 16. Qxf4 Qb6 17. Bb3 Nd5 18. Qf3 Qc7 19. Bxd5 cxd5 20. O-O O-O-O
21. Rfe1 Qe7 22. a4 g6 23. Re5 gxh5 24. Rxh5 Rg6 25. Qf4 Qf6 26. Qxf6 Rxf6 27.
Re1 Rg8 28. Re3 Bc2 29. a5 Rfg6 30. c4 Bd1 31. Rhe5 h5 32. Rd3 Bg4 33. cxd5 h4
34. Nf1 f6 35. Rc3+ Kb8 36. Ree3 exd5 37. Re7 Bc8 38. Ne3 f5 39. f4 b6 40. Kf2
bxa5 41. Rb3+ Rb6 42. Rxb6+ axb6 43. Nxd5 Bb7 44. Ne3 Be4 45. d5 a4 46. Rh7 b5
47. Ke2 b4 48. Kd2 a3 49. bxa3 bxa3 50. Rh6 Ka7 51. Rh7+ Ka6 52. Rh6+ Kb5 53.
Rh7 Ra8 54. Rb7+ Kc5 55. Rc7+ Kb6 56. Rc1 a2 57. Ra1 Kc5 58. Ke2 Kb4 59. d6 Kb3
60. d7 Rd8 61. Nd1 Bb1 0-1

[Event "Olimpiada de Khanty-Mansiysk 2010"]
[Site "Khanty-Mansiysk RUS"]
[Date "2010.09.28"]
[Round "7"]
[White "Khader, Sami"]
[Black "Adly, Ahmed"]
[Result "1-0"]
[WhiteElo "2449"]
[BlackElo "2630"]
[PlyCount "113"]
[EventDate "2010.09.21"]
[EventType "team"]
[EventRounds "11"]
[EventCountry "RUS"]
[Source "lmi"]
[SourceDate "2010.09.21"]
[WhiteTeam "Jordania"]
[BlackTeam "Egipto"]
[WhiteTeamCountry "JOR"]
[BlackTeamCountry "EGY"]

1. d4 Nf6 2. c4 e6 3. Nf3 b6 4. a3 Bb7 5. Nc3 d5 6. cxd5 exd5 7. Bg5 a6 8. e3
Nbd7 9. Bd3 Bd6 10. Qc2 h6 11. Bh4 Qe7 12. O-O g5 13. Bg3 Bxg3 14. fxg3 g4 15.
Nh4 Qxe3+ 16. Kh1 Qxd4 17. Nf5 Qc5 18. b4 Qf8 19. Rfe1+ Kd8 20. Ne2 c5 21. bxc5
Qxc5 22. Qb2 Re8 23. Rec1 Qf8 24. Qd4 Rc8 25. Qf4 Ne5 26. Nxh6 Nfd7 27. Bf5 Rc4
28. Rxc4 dxc4 29. Rd1 Bc6 30. Nd4 Ba4 31. Bc2 Bxc2 32. Nxc2 f5 33. Nb4 Nd3 34.
Nxd3 cxd3 35. h4 Re4 36. Qg5+ Kc7 37. Rxd3 Re1+ 38. Kh2 Qc5 39. Rxd7+ Kxd7 40.
Qd2+ Qd6 41. Qxe1 Qxh6 42. Qf1 b5 43. Qxf5+ Qe6 44. Qg5 Ke8 45. Qg7 Qf5 46. Qh6
a5 47. Qc6+ Qd7 48. Qa8+ Qd8 49. Qe4+ Qe7 50. Qg6+ Kd8 51. Qb6+ Kc8 52. Qxa5
Qe2 53. Qa7 Kd8 54. Qf7 Qc4 55. Qf8+ Kd7 56. h5 Qd5 57. Qg7+ 1-0

[Event "Olimpiada de Khanty-Mansiysk 2010"]
[Site "Khanty-Mansiysk RUS"]
[Date "2010.09.28"]
[Round "7"]
[White "Mansour, Sameer"]
[Black "Abdel Razik, Khaled"]
[Result "0-1"]
[WhiteElo "2283"]
[BlackElo "2480"]
[PlyCount "144"]
[EventDate "2010.09.21"]
[EventType "team"]
[EventRounds "11"]
[EventCountry "RUS"]
[Source "lmi"]
[SourceDate "2010.09.21"]
[WhiteTeam "Jordania"]
[BlackTeam "Egipto"]
[WhiteTeamCountry "JOR"]
[BlackTeamCountry "EGY"]

1. d4 Nf6 2. Nf3 g6 3. Bg5 Bg7 4. Nbd2 d5 5. e3 O-O 6. Bd3 c5 7. c3 Qb6 8. Qb3
Nc6 9. O-O c4 10. Qxb6 axb6 11. Bc2 b5 12. a3 Bf5 13. Bxf6 Bxc2 14. Bxg7 Kxg7
15. Rfe1 Rfd8 16. Rac1 Bd3 17. e4 dxe4 18. Nxe4 b6 19. Ng3 Rd5 20. Re3 e6 21.
Ne5 Nxe5 22. Rxe5 Rxe5 23. dxe5 Rd8 24. f4 Bf5 25. Nf1 h6 26. Re1 g5 27. fxg5
hxg5 28. h3 Rd5 29. g4 Bg6 30. Kg2 f6 31. exf6+ Kxf6 32. Re2 Rd1 33. Ng3 Bd3
34. Nh5+ Ke7 35. Re5 Rd2+ 36. Kf3 Rxb2 37. Rxg5 Rb3 38. Ke3 Rxc3 39. Rxb5 Bf1+
40. Kd2 Rxa3 41. Rxb6 Bxh3 42. Rc6 Bxg4 43. Nf4 Ra2+ 44. Kc3 Bf5 45. Rxc4 Kd6
46. Nxe6 Bxe6 47. Rh4 Ra3+ 48. Kd2 Ke5 49. Rb4 Bd5 50. Ke2 Be4 51. Kd2 Kf4 52.
Rb8 Ra2+ 53. Kc3 Ke3 54. Re8 Rc2+ 55. Kb3 Rc7 56. Rd8 Rc1 57. Kb4 Bc6 58. Rd6
Ke4 59. Rd2 Bd5 60. Kb5 Ke5 61. Kb4 Rc4+ 62. Kb5 Kd6 63. Rh2 Rc3 64. Rh6+ Be6
65. Kb4 Rb3+ 66. Ka4 Rb6 67. Ka5 Rb2 68. Ka4 Kd5 69. Ka3 Rb6 70. Rh4 Kc5 71.
Rb4 Rd6 72. Rf4 Rd2 0-1

[Event "Olimpiada de Khanty-Mansiysk 2010"]
[Site "Khanty-Mansiysk RUS"]
[Date "2010.09.28"]
[Round "7"]
[White "Shoker, Samy"]
[Black "Samhouri, Bilal"]
[Result "1/2-1/2"]
[WhiteElo "2458"]
[BlackElo "2269"]
[PlyCount "48"]
[EventDate "2010.09.21"]
[EventType "team"]
[EventRounds "11"]
[EventCountry "RUS"]
[Source "lmi"]
[SourceDate "2010.09.21"]
[WhiteTeam "Egipto"]
[BlackTeam "Jordania"]
[WhiteTeamCountry "EGY"]
[BlackTeamCountry "JOR"]

1. g3 d5 2. Bg2 Nf6 3. d3 g6 4. Nf3 Bg7 5. O-O O-O 6. Nbd2 Re8 7. e4 e5 8. b3
Nc6 9. Bb2 d4 10. Ne1 Be6 11. c3 Qd7 12. b4 a6 13. Nb3 b6 14. a4 dxc3 15. Bxc3
Bf8 16. Nf3 Rad8 17. b5 Qxd3 18. Qxd3 Rxd3 19. Rfc1 Bxb3 20. bxc6 Nxe4 21. Bxe5
Rxf3 22. Bxc7 Rc3 23. Bxb6 Rxc1+ 24. Rxc1 Bxa4 1/2-1/2

[Event "Olimpiada de Khanty-Mansiysk 2010"]
[Site "Khanty-Mansiysk RUS"]
[Date "2010.09.28"]
[Round "7"]
[White "Potapov, Pavel"]
[Black "Colindres, Daniel"]
[Result "1-0"]
[WhiteElo "2464"]
[BlackElo "2233"]
[PlyCount "105"]
[EventDate "2010.09.21"]
[EventType "team"]
[EventRounds "11"]
[EventCountry "RUS"]
[Source "lmi"]
[SourceDate "2010.09.21"]
[WhiteTeam "RU5"]
[BlackTeam "Honduras"]
[BlackTeamCountry "HON"]

1. e4 e6 2. d4 d5 3. exd5 exd5 4. c4 Nf6 5. Nc3 Be7 6. Nf3 O-O 7. Be2 c6 8. O-O
dxc4 9. Bxc4 Nbd7 10. h3 Nb6 11. Bb3 h6 12. Re1 Nbd5 13. Ne5 Be6 14. Qf3 Nc7
15. Bc2 Qxd4 16. Qg3 Nh5 17. Nxc6 bxc6 18. Qxc7 Bd6 19. Qxc6 Rac8 20. Qe4 Qxe4
21. Bxe4 Bb4 22. Bd2 Rfd8 23. Red1 Nf6 24. Bf3 Rd7 25. a3 Bc5 26. Be3 Bxe3 27.
fxe3 Bb3 28. Rxd7 Nxd7 29. Nb5 Rc2 30. Rd1 Nf8 31. Rd8 Rxb2 32. Nxa7 Ra2 33.
Nc6 g6 34. Ra8 Kg7 35. Nd4 Bc4 36. a4 Nd7 37. Ra7 Ne5 38. Be4 Kf6 39. a5 Kg5
40. Kh2 Ra3 41. Nc2 Ra2 42. Nd4 Ra3 43. Nf3+ Nxf3+ 44. Bxf3 Rxe3 45. Rc7 Bf1
46. Rxf7 Ra3 47. Ra7 h5 48. Bb7 Kh4 49. Ra8 g5 50. a6 g4 51. hxg4 hxg4 52. g3+
Kg5 53. a7 1-0

[Event "Olimpiada de Khanty-Mansiysk 2010"]
[Site "Khanty-Mansiysk RUS"]
[Date "2010.09.28"]
[Round "7"]
[White "Urbina, Ricardo"]
[Black "Kopylov, Alexander A"]
[Result "0-1"]
[WhiteElo "2226"]
[BlackElo "2438"]
[PlyCount "63"]
[EventDate "2010.09.21"]
[EventType "team"]
[EventRounds "11"]
[EventCountry "RUS"]
[Source "lmi"]
[SourceDate "2010.09.21"]
[WhiteTeam "Honduras"]
[BlackTeam "RU5"]
[WhiteTeamCountry "HON"]

1. e4 c5 2. Nf3 e6 3. d4 cxd4 4. Nxd4 a6 5. Bd3 g6 6. h4 Bg7 7. Ne2 Nf6 8. Nd2
Nc6 9. b3 Ng4 10. Rb1 d5 11. a4 O-O 12. Ng3 f5 13. exd5 exd5 14. Nf3 Nce5 15.
Bg5 Qb6 16. O-O Bd7 17. Bf4 Rae8 18. h5 Bc6 19. hxg6 hxg6 20. Nxe5 Nxe5 21. Qd2
Ng4 22. Be2 Nf6 23. Bh6 Bxh6 24. Qxh6 Kf7 25. Rfe1 Rh8 26. Qg5 Qb4 27. Red1 f4
28. c3 Qd6 29. Bd3 fxg3 30. Bxg6+ Kf8 31. fxg3 Re5 32. Qf4 0-1

[Event "Olimpiada de Khanty-Mansiysk 2010"]
[Site "Khanty-Mansiysk RUS"]
[Date "2010.09.28"]
[Round "7"]
[White "Savitskiy, Sergey"]
[Black "Huguet, Sergio"]
[Result "1-0"]
[WhiteElo "2373"]
[BlackElo "2142"]
[PlyCount "57"]
[EventDate "2010.09.21"]
[EventType "team"]
[EventRounds "11"]
[EventCountry "RUS"]
[Source "lmi"]
[SourceDate "2010.09.21"]
[WhiteTeam "RU5"]
[BlackTeam "Honduras"]
[BlackTeamCountry "HON"]

1. e4 d5 2. exd5 Qxd5 3. Nc3 Qa5 4. Bc4 Nf6 5. d3 c6 6. Bd2 Bf5 7. Qe2 e6 8.
O-O-O Bb4 9. a3 Bxc3 10. Bxc3 Qd8 11. h3 Nd5 12. Bd2 b5 13. Ba2 Nd7 14. g4 Bg6
15. f4 O-O 16. h4 h6 17. h5 Bh7 18. Nf3 Qc7 19. Ne5 Nxe5 20. fxe5 c5 21. g5
hxg5 22. h6 Bf5 23. hxg7 Rfc8 24. Bxd5 exd5 25. Qh5 f6 26. Qh8+ Kf7 27. g8=Q+
Rxg8 28. Qxf6+ Ke8 29. Qxf5 1-0

[Event "Olimpiada de Khanty-Mansiysk 2010"]
[Site "Khanty-Mansiysk RUS"]
[Date "2010.09.28"]
[Round "7"]
[White "Cordova, Emilio"]
[Black "Rosenbeiger, Alan"]
[Result "1-0"]
[WhiteElo "2539"]
[BlackElo "2153"]
[PlyCount "81"]
[EventDate "2010.09.21"]
[EventType "team"]
[EventRounds "11"]
[EventCountry "RUS"]
[Source "lmi"]
[SourceDate "2010.09.21"]
[WhiteTeam "Perú"]
[BlackTeam "Islas del Canal"]
[WhiteTeamCountry "PER"]
[BlackTeamCountry "JCI"]

1. d4 d5 2. c4 c6 3. Nc3 Nf6 4. cxd5 Nxd5 5. e4 Nb6 6. Be3 g6 7. Nf3 Bg7 8. a4
Be6 9. Ng5 Qc8 10. Rc1 h6 11. Nxe6 Qxe6 12. b3 O-O 13. a5 Nc8 14. Bc4 Qd7 15.
e5 b5 16. Be2 f5 17. exf6 exf6 18. d5 Qd8 19. Bf3 Ne7 20. O-O b4 21. dxc6 Nbxc6
22. Nd5 Qxa5 23. Nxe7+ Nxe7 24. Bxa8 Rxa8 25. Qd7 Qd8 26. Qe6+ Kh7 27. Rfd1 Qe8
28. Bxh6 Nf5 29. Qxe8 Rxe8 30. Bxg7 Kxg7 31. Rc7+ Kh6 32. g3 Re4 33. Rxa7 Nd4
34. Rd3 Nc6 35. Ra6 Ne5 36. Rdd6 Re1+ 37. Kg2 Rb1 38. Rxf6 Rxb3 39. Rfe6 Nd3
40. Rxg6+ Kh7 41. Rgd6 1-0

[Event "Olimpiada de Khanty-Mansiysk 2010"]
[Site "Khanty-Mansiysk RUS"]
[Date "2010.09.28"]
[Round "7"]
[White "Belzo, Krzysztof"]
[Black "Cori, Jorge"]
[Result "0-1"]
[WhiteElo "2007"]
[BlackElo "2496"]
[PlyCount "126"]
[EventDate "2010.09.21"]
[EventType "team"]
[EventRounds "11"]
[EventCountry "RUS"]
[Source "lmi"]
[SourceDate "2010.09.21"]
[WhiteTeam "Islas del Canal"]
[BlackTeam "Perú"]
[WhiteTeamCountry "JCI"]
[BlackTeamCountry "PER"]

1. g3 d5 2. Bg2 c6 3. c4 Nf6 4. Nf3 dxc4 5. a4 Na6 6. Na3 Qd5 7. Qc2 Be6 8. O-O
g6 9. h4 Qe4 10. Qxe4 Nxe4 11. Ne5 Nd6 12. Nxc6 Bg7 13. Nc2 Nc5 14. N6b4 Nb3
15. Rb1 Rc8 16. Ne3 Bd7 17. a5 a6 18. d3 cxd3 19. Nxd3 Bb5 20. Nd5 Nd4 21. Re1
Rc2 22. Nc3 Rxc3 23. bxc3 Nxe2+ 24. Rxe2 Bxd3 25. Bf4 Bxe2 26. Bxd6 exd6 27.
Re1 Kd7 28. Rxe2 Rb8 29. Rb2 Kc7 30. Rb3 b5 31. axb6+ Rxb6 32. Ra3 f5 33. Bd5
f4 34. g4 h6 35. Kg2 Bf6 36. h5 gxh5 37. gxh5 Rb5 38. Bc4 Rg5+ 39. Kf3 a5 40.
Bf7 Kd7 41. Rb3 Rc5 42. c4 Rc7 43. Bd5 a4 44. Rb5 Bc3 45. Kxf4 a3 46. c5 dxc5
47. Ba2 c4 48. Rd5+ Ke7 49. Ke3 Bb2 50. Kd2 Kf6 51. f4 c3+ 52. Kc2 Re7 53. Rd6+
Kf5 54. Bc4 Re4 55. Bb3 Re2+ 56. Kb1 Re1+ 57. Bd1 Kxf4 58. Rd7 Rh1 59. Rd8 Rh2
60. Rf8+ Ke5 61. Rd8 Rd2 62. Rxd2 cxd2 63. Kc2 Bc1 0-1

[Event "Olimpiada de Khanty-Mansiysk 2010"]
[Site "Khanty-Mansiysk RUS"]
[Date "2010.09.28"]
[Round "7"]
[White "Palacios, Efrain"]
[Black "Wojciechowski, Paul"]
[Result "1/2-1/2"]
[WhiteElo "2184"]
[BlackElo "2101"]
[PlyCount "108"]
[EventDate "2010.09.21"]
[EventType "team"]
[EventRounds "11"]
[EventCountry "RUS"]
[Source "lmi"]
[SourceDate "2010.09.21"]
[WhiteTeam "Perú"]
[BlackTeam "Islas del Canal"]
[WhiteTeamCountry "PER"]
[BlackTeamCountry "JCI"]

1. Nf3 Nf6 2. c4 g6 3. Nc3 c5 4. d4 cxd4 5. Nxd4 Bg7 6. e4 d6 7. Be2 O-O 8. Be3
Nc6 9. f3 Bd7 10. Qd2 Rc8 11. O-O Ne5 12. b3 a6 13. Rfc1 Bc6 14. Rab1 e6 15. a4
b6 16. Nxc6 Rxc6 17. Bf1 Qc8 18. Ne2 Nfd7 19. a5 bxa5 20. Qxa5 Nc5 21. Rc2 Rd8
22. Qa3 Rb6 23. Nd4 Nc6 24. Nxc6 Rxc6 25. Ra2 Qc7 26. b4 Nd7 27. Bf2 Ne5 28. c5
dxc5 29. bxc5 Bf8 30. Qa5 Bxc5 31. Qxc7 Rxc7 32. Bxa6 Bxf2+ 33. Rxf2 Ra8 34.
Bf1 Rac8 35. Rd2 Rc1 36. Rxc1 Rxc1 37. Kf2 Kf8 38. h4 Ke7 39. Be2 h5 40. Ra2
Rc7 41. Rb2 Nd7 42. Rd2 e5 43. Bb5 Nc5 44. Rd5 f6 45. g3 Ne6 46. Ba4 Ra7 47.
Bb3 Rb7 48. Ba4 Ra7 49. Bd1 Ra2+ 50. Kf1 Ra3 51. Kf2 Ra2+ 52. Kf1 Ra1 53. Rd2
Nd4 54. Kf2 Ne6 1/2-1/2

[Event "Olimpiada de Khanty-Mansiysk 2010"]
[Site "Khanty-Mansiysk RUS"]
[Date "2010.09.28"]
[Round "7"]
[White "Kahn, Tito"]
[Black "Pacheco, Marco"]
[Result "0-1"]
[WhiteElo "2181"]
[BlackElo "2392"]
[PlyCount "72"]
[EventDate "2010.09.21"]
[EventType "team"]
[EventRounds "11"]
[EventCountry "RUS"]
[Source "lmi"]
[SourceDate "2010.09.21"]
[WhiteTeam "Islas del Canal"]
[BlackTeam "Perú"]
[WhiteTeamCountry "JCI"]
[BlackTeamCountry "PER"]

1. c4 e5 2. g3 Nf6 3. Bg2 c6 4. d3 Bb4+ 5. Bd2 Bxd2+ 6. Nxd2 O-O 7. Ngf3 Re8 8.
O-O d5 9. e4 dxe4 10. dxe4 Bg4 11. Qc2 Bxf3 12. Nxf3 c5 13. Rfd1 Qc7 14. a3 Nc6
15. Rab1 a5 16. b3 b6 17. Rd2 g6 18. Rbd1 Rad8 19. Kf1 Rxd2 20. Rxd2 Nd4 21.
Qb1 Rd8 22. Ng1 a4 23. bxa4 Ra8 24. Rb2 Rxa4 25. Bh3 Rxa3 26. Rxb6 Kg7 27. Ne2
Qa7 28. Kg2 Nxe2 29. Rb7 Ra1 30. Be6 Rxb1 31. Rxa7 Rg1+ 32. Kh3 Nxe4 33. Rxf7+
Kh6 34. f4 exf4 35. gxf4 Nf2+ 36. Kh4 Nd4 0-1

[Event "Olimpiada de Khanty-Mansiysk 2010"]
[Site "Khanty-Mansiysk RUS"]
[Date "2010.09.28"]
[Round "7"]
[White "Matamoros, Franco Carlos"]
[Black "Ziska, Helgi Dam"]
[Result "1/2-1/2"]
[WhiteElo "2542"]
[BlackElo "2439"]
[PlyCount "36"]
[EventDate "2010.09.21"]
[EventType "team"]
[EventRounds "11"]
[EventCountry "RUS"]
[Source "lmi"]
[SourceDate "2010.09.21"]
[WhiteTeam "Ecuador"]
[BlackTeam "Islas Faroe"]
[WhiteTeamCountry "ECU"]
[BlackTeamCountry "FAI"]

1. c4 g6 2. g3 Bg7 3. Bg2 d6 4. d4 Nf6 5. Nf3 O-O 6. Nc3 Nbd7 7. O-O e5 8. e4
a6 9. h3 b5 10. Qc2 c6 11. c5 exd4 12. Nxd4 Nxc5 13. Nxc6 Qe8 14. Nb4 Bb7 15.
Bf4 a5 16. Nbd5 Nxd5 17. Nxd5 Bxd5 18. exd5 Qd7 1/2-1/2

[Event "Olimpiada de Khanty-Mansiysk 2010"]
[Site "Khanty-Mansiysk RUS"]
[Date "2010.09.28"]
[Round "7"]
[White "Rodgaard, John"]
[Black "Mieles Palau, Daniel"]
[Result "1/2-1/2"]
[WhiteElo "2352"]
[BlackElo "2422"]
[PlyCount "22"]
[EventDate "2010.09.21"]
[EventType "team"]
[EventRounds "11"]
[EventCountry "RUS"]
[Source "lmi"]
[SourceDate "2010.09.21"]
[WhiteTeam "Islas Faroe"]
[BlackTeam "Ecuador"]
[WhiteTeamCountry "FAI"]
[BlackTeamCountry "ECU"]

1. c4 c5 2. Nf3 Nf6 3. Nc3 b6 4. g3 Bb7 5. Bg2 e6 6. O-O Be7 7. d4 cxd4 8. Qxd4
Nc6 9. Qf4 O-O 10. Rd1 a6 11. b3 Rc8 1/2-1/2

[Event "Olimpiada de Khanty-Mansiysk 2010"]
[Site "Khanty-Mansiysk RUS"]
[Date "2010.09.28"]
[Round "7"]
[White "Macias Murillo, Bryan"]
[Black "Berg, Olaf"]
[Result "0-1"]
[WhiteElo "2377"]
[BlackElo "2274"]
[PlyCount "232"]
[EventDate "2010.09.21"]
[EventType "team"]
[EventRounds "11"]
[EventCountry "RUS"]
[Source "lmi"]
[SourceDate "2010.09.21"]
[WhiteTeam "Ecuador"]
[BlackTeam "Islas Faroe"]
[WhiteTeamCountry "ECU"]
[BlackTeamCountry "FAI"]

1. d4 Nf6 2. c4 e6 3. Nf3 b6 4. g3 Ba6 5. Qc2 d5 6. cxd5 exd5 7. Bg2 Bd6 8. O-O
O-O 9. Nc3 Re8 10. Nxd5 Rxe2 11. Nxf6+ Qxf6 12. Qb3 Nc6 13. Bg5 Qf5 14. Be3 Na5
15. Qc3 Re8 16. Nd2 Qd3 17. Rfd1 Qf5 18. Bf3 R8xe3 19. fxe3 Rxd2 20. e4 Rxd1+
21. Rxd1 Qd7 22. e5 Be7 23. Kg2 Nb7 24. b4 Nd8 25. a3 Bb7 26. d5 f6 27. e6 Qd6
28. Qc2 g6 29. Qa4 a6 30. h4 Kg7 31. h5 c6 32. hxg6 hxg6 33. dxc6 Qxc6 34. Bxc6
Bxc6+ 35. Qxc6 Nxc6 36. Rd7 Kf8 37. Rb7 Bd8 38. Kf2 a5 39. b5 Nd4 40. e7+ Bxe7
41. Rxb6 Ke8 42. a4 Kd7 43. Ra6 Bd8 44. Ke3 Nb3 45. Rc6 Nc5 46. Kd4 Nxa4 47.
Ra6 Bb6+ 48. Kc4 Kd6 49. Ra8 Nb2+ 50. Kb3 Nd3 51. Rc8 Ne5 52. Ka4 g5 53. Kb3 g4
54. Rc2 f5 55. Rd2+ Kc5 56. Rf2 Nf3 57. Ka4 Nd4 58. Rf1 Bc7 59. Rb1 Kb6 60. Rh1
Bd6 61. Rh6 Nxb5 62. Rf6 Nc3+ 63. Kb3 Ne4 64. Rxf5 Bxg3 65. Rh5 Bd6 66. Rh4
Nc5+ 67. Kc4 g3 68. Kd5 Bb8 69. Rg4 Nd3 70. Rg6+ Kb5 71. Rg8 Bc7 72. Rg5 Ne1
73. Ke6+ Kb4 74. Kd7 Bb6 75. Rxg3 Bd4 76. Kc6 a4 77. Kd5 Bc3 78. Rg8 Kb3 79.
Rb8+ Bb4 80. Ra8 a3 81. Ke4 a2 82. Rxa2 Kxa2 83. Kd5 Kb3 84. Ke4 Kc4 85. Ke3
Nc2+ 86. Ke4 Nd4 87. Ke5 Kd3 88. Kd5 Nf3 89. Kc6 Kc4 90. Kb6 Ne5 91. Kc7 Kc5
92. Kb7 Ba5 93. Ka6 Bb6 94. Kb7 Kb5 95. Kb8 Kc6 96. Ka8 Nc4 97. Kb8 Nd6 98. Ka8
Nb5 99. Kb8 Nc7 100. Kc8 Ba7 101. Kd8 Nd5 102. Ke8 Kd6 103. Kf7 Ne7 104. Kf6
Be3 105. Kf7 Bd4 106. Ke8 Ke6 107. Kd8 Bb6+ 108. Ke8 Bc7 109. Kf8 Nf5 110. Kg8
Kf6 111. Kf8 Ng7 112. Kg8 Kg6 113. Kf8 Bd6+ 114. Kg8 Be7 115. Kh8 Nf5 116. Kg8
Nh6+ 0-1

[Event "Olimpiada de Khanty-Mansiysk 2010"]
[Site "Khanty-Mansiysk RUS"]
[Date "2010.09.28"]
[Round "7"]
[White "Meshkov, Yuri A"]
[Black "Gonzalez Zamora, Juan Car"]
[Result "0-1"]
[WhiteElo "2419"]
[BlackElo "2564"]
[PlyCount "86"]
[EventDate "2010.09.21"]
[EventType "team"]
[EventRounds "11"]
[EventCountry "RUS"]
[Source "lmi"]
[SourceDate "2010.09.21"]
[WhiteTeam "IBC"]
[BlackTeam "México"]
[BlackTeamCountry "MEX"]

1. g3 c5 2. Bg2 Nc6 3. e4 g6 4. Ne2 Bg7 5. O-O d6 6. c3 e5 7. Na3 Nge7 8. Nc4
Be6 9. d3 d5 10. exd5 Bxd5 11. f3 O-O 12. Be3 b6 13. Qc2 Qd7 14. a4 f5 15. Rad1
Rad8 16. Bg5 Qe6 17. b3 h6 18. Bxe7 Nxe7 19. f4 Bxg2 20. Kxg2 g5 21. fxe5 Bxe5
22. d4 Bg7 23. Qd3 Nd5 24. Rf2 a6 25. Kg1 b5 26. axb5 axb5 27. Na3 b4 28. cxb4
Nxb4 29. Qc3 Rd5 30. Qc4 f4 31. Rdf1 Kh8 32. Nb5 Qe3 33. Nbc3 fxg3 34. hxg3
Rxf2 35. Rxf2 Rxd4 36. Qf7 Rd3 37. Qc7 Kh7 38. Qf7 Qe5 39. Rf3 Rd2 40. Qc4 Nc2
41. Kf2 Nd4 42. Re3 Qf5+ 43. Ke1 Rb2 0-1

[Event "Olimpiada de Khanty-Mansiysk 2010"]
[Site "Khanty-Mansiysk RUS"]
[Date "2010.09.28"]
[Round "7"]
[White "Gonzalez Garcia, Jose"]
[Black "Krylov, Sergey"]
[Result "1-0"]
[WhiteElo "2543"]
[BlackElo "2359"]
[PlyCount "65"]
[EventDate "2010.09.21"]
[EventType "team"]
[EventRounds "11"]
[EventCountry "RUS"]
[Source "lmi"]
[SourceDate "2010.09.21"]
[WhiteTeam "México"]
[BlackTeam "IBC"]
[WhiteTeamCountry "MEX"]

1. d4 Nf6 2. c4 g6 3. Nc3 Bg7 4. e4 d6 5. Be2 O-O 6. Nf3 Na6 7. O-O c6 8. Re1
Qe8 9. d5 Nc5 10. Bf1 a5 11. Bf4 Nh5 12. Bg5 Bg4 13. h3 Bxf3 14. Qxf3 e5 15.
Qd1 Bf6 16. Bh6 Ng7 17. dxc6 Qxc6 18. Nd5 Bd8 19. Rc1 f6 20. g3 Rf7 21. h4 Nge6
22. Be3 a4 23. Bh3 Ba5 24. Rf1 Re8 25. h5 Kg7 26. Bg2 b5 27. b4 axb3 28. axb3
Nd7 29. b4 Bb6 30. cxb5 Qxb5 31. Nxb6 Nxb6 32. Qxd6 Nc8 33. Rxc8 1-0

[Event "Olimpiada de Khanty-Mansiysk 2010"]
[Site "Khanty-Mansiysk RUS"]
[Date "2010.09.28"]
[Round "7"]
[White "Mueller, Oliver"]
[Black "Hernandez Guerrero, Gilbe"]
[Result "1/2-1/2"]
[WhiteElo "2311"]
[BlackElo "2540"]
[PlyCount "113"]
[EventDate "2010.09.21"]
[EventType "team"]
[EventRounds "11"]
[EventCountry "RUS"]
[Source "lmi"]
[SourceDate "2010.09.21"]
[WhiteTeam "IBC"]
[BlackTeam "México"]
[BlackTeamCountry "MEX"]

1. d4 Nf6 2. c4 e6 3. Nf3 Bb4+ 4. Nbd2 b6 5. e3 Bb7 6. Bd3 O-O 7. O-O d5 8. Qc2
Nbd7 9. a3 Be7 10. e4 dxe4 11. Nxe4 c5 12. dxc5 Bxe4 13. Bxe4 Nxe4 14. Qxe4
Nxc5 15. Qe3 Rc8 16. Bd2 Qd3 17. b4 Qxe3 18. Bxe3 Na4 19. Rac1 Rfd8 20. Rfd1 a5
21. Rxd8+ Rxd8 22. Nd4 Kf8 23. Kf1 axb4 24. axb4 Rc8 25. b5 Bc5 26. Ke2 g6 27.
Nc6 Ra8 28. Rc2 Bxe3 29. Kxe3 Nc5 30. Rd2 Kg7 31. Ne5 Ra3+ 32. Ke2 g5 33. Nd7
Na4 34. f3 Rc3 35. Rd4 Rc2+ 36. Kf1 h6 37. h3 Rc1+ 38. Kf2 Rc2+ 39. Kf1 h5 40.
h4 gxh4 41. Rd6 Rxc4 42. Nxb6 Nxb6 43. Rxb6 Rb4 44. Rb8 Rb1+ 45. Kf2 Rb2+ 46.
Kg1 h3 47. gxh3 Kg6 48. h4 Kf5 49. Rh8 Kf4 50. Rxh5 e5 51. Rh7 f5 52. h5 Rxb5
53. h6 Rb6 54. Kg2 Rg6+ 55. Kf2 Rg3 56. Rg7 Rh3 57. h7 1/2-1/2